Flagi Państw Europy - Statystyki

Ogólne statystyki
  • Ten quiz został rozwiązany 85 razy
  • Średni wynik to 11 z 12
Statystyki odpowiedzi
Obrazkowy Odpowiedź % Poprawnych
Niemcy
100%
Finlandia
95%
Hiszpania
95%
Włochy
95%
Szwecja
93%
Belgia
92%
Norwegia
92%
Estonia
89%
Dania
88%
Irlandia
87%
Andora
83%
Liechtenstein
78%
Nie znaleziono quizów pasujących do podanych kryteriów
Rozkład punktacji
Procent ludzi z każdym wynikiem
Percentyl według liczby udzielonych odpowiedzi
Twoja historia wyników
Nie rozwiązałeś tego quizu